South Eastern Kenya University

Library Online Public Access Catalogue


Fundamentals of marketing/ (Record no. 5737)

MARC details
000 -LEADER
fixed length control field 00432nam a2200145 4500
020 ## - INTERNATIONAL STANDARD BOOK NUMBER
International Standard Book Number 0075489155
050 ## - LIBRARY OF CONGRESS CALL NUMBER
Classification number HF 5415
Item number .S74 1985
100 ## - MAIN ENTRY--PERSONAL NAME
Personal name Stanton, William J.
245 ## - TITLE STATEMENT
Title Fundamentals of marketing
Statement of responsibility, etc. William, J. Stanton, Montrose S. Sommers, James G. Barnes
250 ## - EDITION STATEMENT
Edition statement 4th
260 ## - PUBLICATION, DISTRIBUTION, ETC. (IMPRINT)
Place of publication, distribution, etc. Toronto:
Name of publisher, distributor, etc. McGraw-Hill,
Date of publication, distribution, etc. 1985.
650 ## - SUBJECT ADDED ENTRY--TOPICAL TERM
Topical term following geographic name as entry element Marketing.
700 ## - ADDED ENTRY--PERSONAL NAME
Personal name Sommers, S. Montrose
-- . Barnes, G. James,
942 ## - ADDED ENTRY ELEMENTS (KOHA)
Source of classification or shelving scheme Library of Congress Classification
Koha item type General circulation
Holdings
Withdrawn status Lost status Source of classification or shelving scheme Damaged status Not for loan Home library Current library Shelving location Date acquired Source of acquisition Total Checkouts Full call number Barcode Date last seen Koha item type Public note
    Library of Congress Classification     Main Campus Library Main Campus Library General Stacks 13/07/2015 Donation-Books for Africa   HF 5415 .S73 1985 2015/002736 13/07/2015 General circulation smo
Kitui, Kenya.
+254736116989
library@seku.ac.ke